La alegría que nos reserva el ciernes: recogiendo las instituciones religiosas de Alberto Cruz en su obra el Acto Arquitectónico

Spremljeno u:
Bibliografski detalji
Glavni autor: Alvarado Cordero, Maurice (Autor)
Autori kompanije: Pontificia Universidad Católica de Valparaíso (Autor), Escuela de Arquitectura y Diseño (Autor)
Format: Knjiga
Jezik:španjolski
Izdano: Valparaíso Pontificia Universidad Católica de Valparaíso 2013
Izdanje:1a. ed
Teme:
Oznake: Dodaj oznaku
Bez oznaka, Budi prvi tko označuje ovaj zapis!

MARC

LEADER 00000cam a2200000 a 4500
001 UCE6425
003 CL-VaPUC
008 150409e20130000cl |||||||||||||||||spa|d
082 0 4 |a 248  |b ALV  |2 21 
100 0 |a Alvarado Cordero, Maurice  |e author  |9 579086 
110 2 |a Pontificia Universidad Católica de Valparaíso  |e author  |9 579087 
710 2 |a Escuela de Arquitectura y Diseño  |e author  |9 579088 
245 1 3 |a La alegría que nos reserva el ciernes: recogiendo las instituciones religiosas de Alberto Cruz en su obra el Acto Arquitectónico 
250 |a 1a. ed 
300 |a 77 p 
942 |c BK 
945 |d 20150409 10:07:00  |a arojas 
260 |a Valparaíso  |b Pontificia Universidad Católica de Valparaíso  |c 2013 
600 0 7 |a CRUZ C., ALBERTO  |2 CL-VaPUC  |9 518508 
650 7 |a TEORIA DE LA ARQUITECTURA  |2 CL-VaPUC  |9 483680 
650 0 |a Edificios religiosos  |9 335394 
650 7 |a INSTITUCIONES RELIGIOSAS  |2 CL-VaPUC  |9 337514 
583 |a last modification  |c 20161122 12:03:05  |k Rodrigo Vera 
999 |c 358757  |d 358755 
952 |0 0  |1 0  |3 erb  |4 0  |6 248_000000000000000_ALV_2013  |7 0  |8 A  |9 467646  |a BIBARQ  |b BIBARQ  |i 5145244  |l 1  |o 248 ALV 2013  |p 5145244  |r 2025-01-20  |s 2024-04-04  |w 2019-11-23  |y BK  |z Catalogado en:20150409  |k ARQ